000 00566nam a2200157 a 4500
008 120416s2005 ||||||||||||||||| || u
050 _aGOV.ZAM(02)2005/8
110 _aNational Agricultural Information Services (NAIS)
245 1 0 _aGrowing rape
260 _aLusaka
_bNAIS
_c2005
300 _a10p. : ill.
350 _a0.00
650 _aRAPE (PLANT)--ZAMBIA
710 _aGovernment of the Republic of Zambia (GRZ)
995 _D0.00
_FCBU-MAIN LIBRARY (Kitwe)
_H1
_I0.00
_M1
_UAVAILABLE
_ZZambiana Collection
999 _c45001
_d45001